000 00630nam a22002057a 4500
003 OSt
005 20160812134126.0
008 160812b xxu||||| |||| 00| 0 eng d
020 _a1860162169
040 _c040a
082 _aWB 100
_bS1f 2004
245 _aMedical Masterclass :
_bscientific background to medicine 2 /
_cJohn D. Firth, D. John M. Reynolds
260 _aLondon
_bRoyal College of physicians
_c2004
300 _axi, 118p;
_bCol.ill :
_c30 cm.
504 _aIncludes index
650 _aMedical masterclass
_910557
700 _aFirth, John D.
_910558
700 _aReynolds, D. John M
_910610
942 _2z
_cO_SHELF
999 _c4954
_d4954